<?xml version="1.0" encoding="UTF-8"?>
<record
    xmlns:xsi="http://www.w3.org/2001/XMLSchema-instance"
    xsi:schemaLocation="http://www.loc.gov/MARC21/slim http://www.loc.gov/standards/marcxml/schema/MARC21slim.xsd"
    xmlns="http://www.loc.gov/MARC21/slim">

  <leader>04622cam a2200325 a 4500</leader>
  <controlfield tag="001">15531803</controlfield>
  <controlfield tag="003">OSt</controlfield>
  <controlfield tag="005">20210414114456.0</controlfield>
  <controlfield tag="008">081121s2010    maua     b    001 0 eng  </controlfield>
  <datafield tag="010" ind1=" " ind2=" ">
    <subfield code="a">  2008942257</subfield>
  </datafield>
  <datafield tag="020" ind1=" " ind2=" ">
    <subfield code="a">9780495569428</subfield>
  </datafield>
  <datafield tag="020" ind1=" " ind2=" ">
    <subfield code="a">0495569429</subfield>
  </datafield>
  <datafield tag="040" ind1=" " ind2=" ">
    <subfield code="a">DLC</subfield>
    <subfield code="c">DLC</subfield>
    <subfield code="d">DLC</subfield>
  </datafield>
  <datafield tag="042" ind1=" " ind2=" ">
    <subfield code="a">pcc</subfield>
  </datafield>
  <datafield tag="050" ind1="0" ind2="0">
    <subfield code="a">P96.M34.A4 </subfield>
  </datafield>
  <datafield tag="100" ind1="1" ind2=" ">
    <subfield code="a">Albarran, Alan B.</subfield>
  </datafield>
  <datafield tag="245" ind1="1" ind2="0">
    <subfield code="a">Management of electronic media.  /</subfield>
    <subfield code="c">Alan B. Albarran.</subfield>
  </datafield>
  <datafield tag="250" ind1=" " ind2=" ">
    <subfield code="a">4th ed.</subfield>
  </datafield>
  <datafield tag="260" ind1=" " ind2=" ">
    <subfield code="a">Boston, MA :</subfield>
    <subfield code="b">Wadsworth Cengage Learning,</subfield>
    <subfield code="c">c2010.</subfield>
  </datafield>
  <datafield tag="300" ind1=" " ind2=" ">
    <subfield code="a">xxii, 332 p. :</subfield>
    <subfield code="b">ill. ;</subfield>
    <subfield code="c">24 cm.</subfield>
  </datafield>
  <datafield tag="504" ind1=" " ind2=" ">
    <subfield code="a">Includes bibliographical references and index.</subfield>
  </datafield>
  <datafield tag="505" ind1=" " ind2=" ">
    <subfield code="a">Contents: Managing in the electronic media: An overview of electronic media in society -- Radio -- Television -- Multichannel video: Cable and satellite -- Telecommunications industry -- Management in the electronic media -- Summary -- Case studies -- References for chapter 1 -- The media marketplace: Markets, mergers, alliances, and partnerships: Electronic media markets -- Market structure -- Forces affecting markets -- Alliances and partnerships -- Implications for management -- Summary -- Case studies -- References for chapter 2 -- Ethics of  management: What is ethics? -- Ethical decision making in electronic media -- Norms used in moral decision making -- Ethical codes and mission statements -- Ethical issues in media management -- Implementing an ethics program -- Summary -- Case studies -- References of chapter 3 -- Theories of management: Management as a process -- Approaches to management -- Management and the electronic media -- Summary -- Case studies -- References for chapter 4 -- Financial management: What is financial management? -- Meeting financial goals -- Implementing financial growth -- Budgeting  -- Monitoring financial performance -- Ratio analysis -- Break-even analysis -- Depreciation and amortization -- Reporting financial performance -- Summary -- Case studies -- References for chapter 5 -- Managing personnel: Personnel management -- Working with personnel -- Legal issues in personnel management -- Labor issues: Working with unions -- Structure, communication, and personnel -- Summary -- Case studies -- References for chapter 6 -- Audiences and audience research: Audience research and analysis -- Sources of audience research data -- Using audience data -- Market terminology -- A word regarding samples -- Rating accuracy -- Research application -- From mass media to personalized media -- Summary -- Case studies -- References for chapter 7 -- Programming: Strategy and distribution: The program director -- Radio programming -- Television programming -- Multichannel  programming -- Management issues in programming -- Summary -- Case studies -- References for chapter 8 -- Marketing: The four Ps of marketing -- Personnel in electronic media marketing -- Marketing strategies -- Sales versus marketing -- The general sales manager -- Local advertising -- National advertising -- Promotion as a form of marketing -- Evaluating marketing efforts -- Summary -- Case studies -- References for chapter 9 -- News and news management: The Importance of news -- Organization of a news department -- Issues in news management -- Summary -- Case studies -- References for chapter 10 -- Regulatory influences and electronic media management: Regulatory influences: The Federal government -- Role of state and local law -- Role of the federal communications commission -- Other federal departments and agencies -- Informal regulatory forces -- Summary -- Case studies -- References for chapter 11 -- Electronic media management: The Role of public relations: The Importance of public relations -- Publics and electronic media institutions -- Maintaining an identity in the market -- Dealing with controversial public issues -- Summary -- Case studies -- References for chapter 12 -- Technology and electronic media management: Technology trends -- Media content -- Business models -- Management issues -- Summary -- Case studies -- References for chapter 13.</subfield>
  </datafield>
  <datafield tag="650" ind1=" " ind2="0">
    <subfield code="a">Mass media</subfield>
    <subfield code="x">Management.</subfield>
  </datafield>
  <datafield tag="856" ind1="4" ind2="2">
    <subfield code="3">Publisher description</subfield>
    <subfield code="u">http://www.loc.gov/catdir/enhancements/fy1212/2008942257-d.html</subfield>
  </datafield>
  <datafield tag="856" ind1="4" ind2="1">
    <subfield code="3">Table of contents only</subfield>
    <subfield code="u">http://www.loc.gov/catdir/enhancements/fy1212/2008942257-t.html</subfield>
  </datafield>
  <datafield tag="856" ind1="4" ind2="2">
    <subfield code="3">Contributor biographical information</subfield>
    <subfield code="u">http://www.loc.gov/catdir/enhancements/fy1303/2008942257-b.html</subfield>
  </datafield>
  <datafield tag="906" ind1=" " ind2=" ">
    <subfield code="a">7</subfield>
    <subfield code="b">cbc</subfield>
    <subfield code="c">orignew</subfield>
    <subfield code="d">3</subfield>
    <subfield code="e">epcn</subfield>
    <subfield code="f">20</subfield>
    <subfield code="g">y-gencatlg</subfield>
  </datafield>
  <datafield tag="942" ind1=" " ind2=" ">
    <subfield code="2">lcc</subfield>
    <subfield code="c">BK</subfield>
  </datafield>
  <datafield tag="999" ind1=" " ind2=" ">
    <subfield code="c">5651</subfield>
    <subfield code="d">13151</subfield>
  </datafield>
  <datafield tag="952" ind1=" " ind2=" ">
    <subfield code="0">0</subfield>
    <subfield code="1">0</subfield>
    <subfield code="2">lcc</subfield>
    <subfield code="4">0</subfield>
    <subfield code="7">0</subfield>
    <subfield code="a">WIUC-1</subfield>
    <subfield code="b">WIUC-1</subfield>
    <subfield code="c">REF</subfield>
    <subfield code="d">2015-07-21</subfield>
    <subfield code="l">0</subfield>
    <subfield code="o">P96.M34.A4</subfield>
    <subfield code="p">7974/401/15</subfield>
    <subfield code="r">2015-07-21 00:00:00</subfield>
    <subfield code="w">2015-07-21</subfield>
    <subfield code="y">BK</subfield>
  </datafield>
</record>
